Normal view MARC view
  • Earthquake engineering

Entry Topical Term

Number of records used in: 1

001 - CONTROL NUMBER

  • control field: 39878

003 - CONTROL NUMBER IDENTIFIER

  • control field: OSt

005 - DATE AND TIME OF LATEST TRANSACTION

  • control field: 20160420122324.0

008 - FIXED-LENGTH DATA ELEMENTS

  • fixed length control field: 160420|| aca||babn | a|a d

040 ## - CATALOGING SOURCE

  • Original cataloging agency: OSt

150 ## - HEADING--TOPICAL TERM

  • Topical term or geographic name as entry element: Earthquake engineering

550 ## - SEE ALSO FROM TRACING--TOPICAL TERM

  • Topical term or geographic name entry element: Civil engineering

550 ## - SEE ALSO FROM TRACING--TOPICAL TERM

  • Topical term or geographic name entry element: Engineering

550 ## - SEE ALSO FROM TRACING--TOPICAL TERM

  • Topical term or geographic name entry element: Engineering geology

550 ## - SEE ALSO FROM TRACING--TOPICAL TERM

  • Topical term or geographic name entry element: Shear walls